00673nam a2200217Ia 450000500170000000800410001702000180005804100120007608200190008810000210010724500820012825000120021026000370022230000210025944000610028065000160034165000190035770000200037670000160039670000430041220260429112133.0260429s9999||||xx |||||||||||||| ||und|| a9781032323343 aEnglish a332.01519bGEN aGentle, James E. 0aStatistical analysis of financial data with examples in R / cJames E. Gentle a1st ed. aBoca Raton : bCRC Press,c2026. axix, 645 p.; pbk aChapman and Hall/CRC texts in statistical science series a Statistics aFinancial data a Tanner, Martin a Zidek, Jim aBlitzein, Joseph K. Faraway, Julian J.